000
002950000a22001330004500
003
MACL
040
_a
MACL
090
_c
32674
_d
32672
100
_a
Competition Review
245
_a
Constitution of India AT a Glance
260
_b
Competition Review
_c
2002
650
_a
Law
942
_c
BOOK
_k
342/
999
_c
32340
_d
32340